Datum a čas kvízu
29.5
Celkem bodů
Celkový počet nahraných bodů na tomto kvízu bez doplňovacích otázek.
1.
Pořadí na kvízu
Konečné umístění týmu na tomto kvízu.
Zaznamenané odpovědi
| # | Otázka | Odpověď | Body | Výsledky |
|---|---|---|---|---|
| 1. | V neděli byla slavnostně otevř... | sv. Jakub | 1 | |
| 2. | V úterý byla slavnostně spuště... | Etiopie | 0 | |
| 3. | 44letý český dirigent Jakub Hr... | v Londýně | 1 | |
| 4. | Minulý týden přišli vědci s př... | Benátky (Venezia) | 1 | |
| 5. | V sobotu byl slavnostně zaháje... | atletika; Tokio | 1 | |
| 6. | V tomto tématu se budeme zabýv... | sestra - bratr | 1 | |
| 7. | Chronologicky seřaďte vybrané... | 1D 2B 3C 4A | 0 | |
| 8. | Která z uvedených osobností je... | C | 0 | |
| 9. | V této otázce nás bude zajímat... | Vratislav (I.) | 0 | |
| 10. | Přiřaďte příbuzenské vztahy vy... | 1C 2D 3B 4A | 1 |